000 00494nam a2200181Ia 4500
001 9882
003 GE_BSU
008 181216s||||||||xx |||||||||||||| ||und||
020 _a4620002390013
040 _cGE_BSU
245 _aВокруг света №6(2885) июнь 2014.
245 _cГл.ред.Александр Монахов
260 _aМосква
260 _bООО Вокруг света
300 _a148стр.27см.
653 _aВокруг света
942 _cCR
999 _c43161
_d43161